| 000 | 00659nam a2200205Ia 4500 | ||
|---|---|---|---|
| 001 | 6518 | ||
| 008 | 260427s9999 xx 000 0 und d | ||
| 020 | _a9780873360913 | ||
| 245 | 0 |
_aI am a creature of the tides : what am I? = He iʻa wau : e kuailo mai i kuʻu inoa!/ _cKynaston Kaikā Lindsey |
|
| 260 |
_aHonolulu; _bKamehameha Publishing; _c2015 |
||
| 300 |
_a50p; _c21x28cm |
||
| 520 | _aMarine animals. | ||
| 546 | _aHawaiian; English | ||
| 650 |
_aFolk literature _99341 |
||
| 650 |
_aIndigenous societies _99260 |
||
| 650 |
_aPN1-6790 Literature (General) _921 |
||
| 651 |
_aHawaii _92928 |
||
| 655 |
_aIllustrated volume _99342 |
||
| 942 | _cBK | ||
| 999 |
_c6518 _d6518 |
||